000 00382nam a22001697a 4500
005 20160625140435.0
008 160625b xxu||||| |||| 00| 0 eng d
020 _a0-19-567000-0
041 _aeng
082 _b10225
100 _aSeely, John
_91808
245 _aWriting Reports
260 _bOxford
_c2004
300 _a115
650 _aMass Communication
_92660
942 _cBK
999 _c4028
_d4027